Methods in membrane biology

Zapisane w:
Opis bibliograficzny
1. autor: Korn, Edward D.
Format: Książka
Język:Undetermined
Wydane: New York Plenum Press 1975
Hasła przedmiotowe:
Etykiety: Dodaj etykietę
Nie ma etykietki, Dołącz pierwszą etykiete!
Thư viện lưu trữ: Trung tâm Học liệu Trường Đại học Cần Thơ
LEADER 00518nam a2200193Ia 4500
001 CTU_165997
008 210402s9999 xx 000 0 und d
082 |a 574.875 
082 |b K84/Vol.4 
100 |a Korn, Edward D. 
245 0 |a Methods in membrane biology 
245 0 |c Edward D. Korn 
260 |a New York 
260 |b Plenum Press 
260 |c 1975 
650 |a Membranes (Biology),Cytology 
650 |x Technique 
904 |i Trọng Hải 
980 |a Trung tâm Học liệu Trường Đại học Cần Thơ